000
00291 a2200145 4500
001
116083
041
_a
por
090
_a
PROJETOR EPSON 07
245
1
0
_a
Projetor Epson 07
250
_a
. ed.
260
_c
2018
300
_a
Marca Epson
040
_a
BR-BrIDEA
_c
BR-BrIDEA
942
_c
DE
999
_c
116083
_d
116083